<?xml version="1.0" encoding="UTF-8"?>
<collection xmlns="http://www.loc.gov/MARC21/slim">
<record>
  <controlfield tag="001">1608678</controlfield>
  <controlfield tag="005">20170524112948.0</controlfield>
  <datafield tag="024" ind1="7" ind2=" ">
    <subfield code="2">DOI</subfield>
    <subfield code="a">10.1088/1748-0221/8/01/C01018</subfield>
  </datafield>
  <datafield tag="024" ind1="8" ind2=" ">
    <subfield code="a">oai:cds.cern.ch:1608678</subfield>
    <subfield code="p">cerncds:FULLTEXT</subfield>
    <subfield code="p">cerncds:CERN:FULLTEXT</subfield>
    <subfield code="p">cerncds:CERN</subfield>
  </datafield>
  <datafield tag="035" ind1=" " ind2=" ">
    <subfield code="9">Inspire</subfield>
    <subfield code="a">1215920</subfield>
  </datafield>
  <datafield tag="041" ind1=" " ind2=" ">
    <subfield code="a">eng</subfield>
  </datafield>
  <datafield tag="100" ind1=" " ind2=" ">
    <subfield code="a">Lemos Cid, E</subfield>
    <subfield code="u">Vigo U.</subfield>
    <subfield code="u">Santiago de Compostela U.</subfield>
  </datafield>
  <datafield tag="245" ind1=" " ind2=" ">
    <subfield code="a">Production, measurement and simulation of a low mass flex cable for multi gigabit/s readout for the LHCb VELO upgrade</subfield>
  </datafield>
  <datafield tag="260" ind1=" " ind2=" ">
    <subfield code="c">2013</subfield>
  </datafield>
  <datafield tag="520" ind1=" " ind2=" ">
    <subfield code="a">The goal of this project is to examine the feasibility of data transmission up to ~ 5 Gbit/s on a short ( ~ 60 cm) low mass flex cable, for the readout of the upgraded vertex detector (VELO) of the LHCb experiment. They will be in a vacuum and very high radiation environment and also partly in the particle acceptance. For the full system 1600 readout links will be required. A set of single-ended and differential (edge-coupled) striplines, with a variety of line parameters have been prototyped using a material specifically tailored for this type of application (Dupont Pyralux AP-plus polyimide). To reduce mass, the total thickness of the cable is kept to 0.7 mm. We will present measurements of the characteristic impedance, insertion and return loss, obtained both from time and frequency domain, as well as a comparison with simulations and expectations. Also the effectiveness of grounded guard traces and the use of ground via holes to reduce crosstalk will be reported. From the measurements we were also able to extract the material properties such as the dielectric constant and loss factor up to several GHz. The measurements were done with a Vector Network Analyzer (VNA), TDR/TDT Digital Sampling Oscilloscope, serial PRBS generator and analyzer for eye diagram and CAD tools such as Agilent ADS and ANSYS HFSS simulators.</subfield>
  </datafield>
  <datafield tag="540" ind1=" " ind2=" ">
    <subfield code="a">CC-BY-3.0</subfield>
    <subfield code="3">Publication</subfield>
  </datafield>
  <datafield tag="650" ind1="1" ind2="7">
    <subfield code="2">SzGeCERN</subfield>
    <subfield code="a">Detectors and Experimental Techniques</subfield>
  </datafield>
  <datafield tag="690" ind1="C" ind2=" ">
    <subfield code="a">CERN</subfield>
  </datafield>
  <datafield tag="690" ind1="C" ind2=" ">
    <subfield code="a">ARTICLE</subfield>
  </datafield>
  <datafield tag="700" ind1=" " ind2=" ">
    <subfield code="a">Buytaert, J</subfield>
    <subfield code="u">CERN</subfield>
    <subfield code="0">AUTHOR|(CDS)2069942</subfield>
    <subfield code="9">#BEARD#</subfield>
  </datafield>
  <datafield tag="700" ind1=" " ind2=" ">
    <subfield code="a">Gallas Torreira, A A</subfield>
    <subfield code="u">Santiago de Compostela U.</subfield>
  </datafield>
  <datafield tag="700" ind1=" " ind2=" ">
    <subfield code="a">Esperante Pereira, D</subfield>
    <subfield code="u">Santiago de Compostela U.</subfield>
    <subfield code="0">AUTHOR|(CDS)2069302</subfield>
    <subfield code="9">#BEARD#</subfield>
  </datafield>
  <datafield tag="700" ind1=" " ind2=" ">
    <subfield code="a">Ronning, P Arne</subfield>
    <subfield code="u">CERN</subfield>
  </datafield>
  <datafield tag="700" ind1=" " ind2=" ">
    <subfield code="a">Visniakov, J</subfield>
    <subfield code="u">Santiago de Compostela U.</subfield>
  </datafield>
  <datafield tag="700" ind1=" " ind2=" ">
    <subfield code="a">Sanchez, M G</subfield>
    <subfield code="u">Vigo U.</subfield>
  </datafield>
  <datafield tag="700" ind1=" " ind2=" ">
    <subfield code="a">Vazquez Regueiro, P</subfield>
    <subfield code="u">Santiago de Compostela U.</subfield>
    <subfield code="0">AUTHOR|(CDS)2078380</subfield>
    <subfield code="9">#BEARD#</subfield>
  </datafield>
  <datafield tag="773" ind1=" " ind2=" ">
    <subfield code="c">C01018</subfield>
    <subfield code="p">JINST</subfield>
    <subfield code="v">8</subfield>
    <subfield code="y">2013</subfield>
  </datafield>
  <datafield tag="856" ind1="4" ind2=" ">
    <subfield code="s">3695946</subfield>
    <subfield code="u">http://cds.cern.ch/record/1608678/files/1748-0221_8_01_C01018.pdf</subfield>
    <subfield code="y">IOP Open Access article</subfield>
  </datafield>
  <datafield tag="916" ind1=" " ind2=" ">
    <subfield code="s">n</subfield>
    <subfield code="w">201341</subfield>
    <subfield code="y">a2013</subfield>
  </datafield>
  <datafield tag="960" ind1=" " ind2=" ">
    <subfield code="a">13</subfield>
  </datafield>
  <datafield tag="962" ind1=" " ind2=" ">
    <subfield code="b">1459551</subfield>
    <subfield code="k">C01018</subfield>
    <subfield code="n">oxford20120917</subfield>
  </datafield>
  <datafield tag="980" ind1=" " ind2=" ">
    <subfield code="a">ARTICLE</subfield>
  </datafield>
  <datafield tag="980" ind1=" " ind2=" ">
    <subfield code="a">ConferencePaper</subfield>
  </datafield>
</record>
</collection>